| 000 | 00583nam a2200169 i 4500 | ||
|---|---|---|---|
| 001 | 135384 | ||
| 003 | ES-MaACL | ||
| 005 | 20250612063106.0 | ||
| 007 | t| | ||
| 008 | 070717s1926 sp ||||1| spa d | ||
| 100 | 0 |
_aTormo y Monzó, Elías, _d1869-1957 _9110657 |
|
| 245 | 1 | 3 |
_aLa escultura española de la antiguedad _b: resumen histórico de su estudio / _cpor Elías Tormo y Monzó. |
| 260 |
_aMadrid : _b[s.n.], _c1926 ( _fTip. de la Rev. de Arch. y Bibl. y Museos) |
||
| 300 |
_a31 p. ; _c25 cm. |
||
| 852 |
_aES-MaACL _j1834-F-9 _bR.19694 |
||
| 999 |
_c135384 _d135384 |
||